[Event "Hebraica op 30th"]
[Site "Hebraica"]
[Date "2023.02.11"]
[Round "4"]
[White "Kuribara, Victor Kenzo"]
[Black "Kajiwara, Joao Kazuyuki"]
[Result "1-0"]
[WhiteElo "1748"]
[BlackElo "1302"]
[PlyCount "61"]
[EventDate "2023.02.10"]
[EventType "swiss"]
[EventRounds "7"]
[EventCountry "BRA"]
[SourceTitle "CBM 212 Extra"]
[Source "ChessBase"]
[SourceDate "2023.03.31"]
[SourceVersion "1"]
[SourceVersionDate "2023.03.31"]
[SourceQuality "1"]

1. d4 Nf6 2. Nf3 g6 3. Bf4 Bg7 4. e3 0-0 5. Bd3 d6 6. Nbd2 Nc6 7. h3 Re8 8. 0-0 e5 9. Bg5 h6 10. Bxf6 Bxf6 11. c4 exd4 12. e4 Nb4 13. Qb3 Nxd3 14. Qxd3 c5 15. Rfe1 b6 16. Re2 Qc7 17. Rae1 Bg7 18. b4 a6 19. bxc5 bxc5 20. Qb3 Rb8 21. Qa4 Qd7 22. Qxd7 Bxd7 23. e5 dxe5 24. Nxe5 Be6 25. Nb3 Rbc8 26. Nd3 Kf8 27. Nbxc5 Bxc4 28. Nd7+ Kg8 29. Rxe8+ Rxe8 30. Rxe8+ Kh7 31. N7e5 1-0

[Event "Sao Paulo op-C U1700 6th"]
[Site "Sao Paulo"]
[Date "2017.04.15"]
[Round "4"]
[White "Kajiwara, Joao Kazuyuki"]
[Black "Kikuchi Cadilhac, Mariana Sawae"]
[Result "0-1"]
[WhiteElo "1284"]
[BlackElo "1530"]
[PlyCount "58"]
[EventDate "2017.04.14"]
[EventType "swiss"]
[EventRounds "6"]
[EventCountry "BRA"]
[SourceTitle "EXT 2019"]
[Source "ChessBase"]
[SourceDate "2018.10.10"]
[SourceVersion "1"]
[SourceVersionDate "2018.10.10"]
[SourceQuality "1"]

1. e4 e5 2. Nf3 Nc6 3. c3 Nf6 4. d3 d5 5. exd5 Nxd5 6. Be2 Be6 7. 0-0 Bd6 8. Ng5 Bf5 9. Ne4 Be7 10. Re1 0-0 11. Nbd2 Nf6 12. Bf1 Nxe4 13. Nxe4 Bg6 14. Qc2 Kh8 15. Nd2 Bc5 16. b4 Bb6 17. Nc4 Qf6 18. Nxb6 cxb6 19. Bb2 Rac8 20. Qe2 b5 21. Rad1 a6 22. a3 Rfe8 23. c4 Rcd8 24. Qe3 Re6 25. cxb5 axb5 26. Qb6 Nd4 27. Qxb7 Bh5 28. Rd2 Qg5 29. Qc7 Nf3+ 0-1

[Event "Guaira op 2nd"]
[Site "Guaira"]
[Date "2016.11.06"]
[Round "5"]
[White "Arduini, Leonardo Adolfo"]
[Black "Kajiwara, Joao Kazuyuki"]
[Result "1-0"]
[WhiteElo "1621"]
[BlackElo "1280"]
[PlyCount "61"]
[EventDate "2016.11.04"]
[EventType "swiss"]
[EventRounds "6"]
[EventCountry "BRA"]
[SourceTitle "CBM 175 Extra"]
[Source "ChessBase"]
[SourceDate "2016.12.12"]
[SourceVersion "1"]
[SourceVersionDate "2016.12.12"]
[SourceQuality "1"]

1. d4 Nf6 2. Nf3 c5 3. d5 d6 4. c4 e5 5. Bg5 Be7 6. Nc3 0-0 7. Qc2 Ne8 8. h4 g6 9. Bh6 Ng7 10. Ne4 Bf5 11. Nfg5 Nd7 12. Qd2 Nf6 13. Nxf6+ Bxf6 14. e4 Bd7 15. f4 exf4 16. Nf3 Qe8 17. Bd3 Bg4 18. Bxf4 Bxf3 19. gxf3 Bd4 20. Bxd6 f5 21. Bxf8 Kxf8 22. 0-0-0 fxe4 23. Bxe4 Nf5 24. Kb1 Ne3 25. Rc1 Qa4 26. Bd3 Rd8 27. Rhe1 Rd6 28. Rxe3 Rb6 29. Rc2 Ra6 30. b3 Rb6 31. Kc1 1-0

[Event "Sao Paulo Consciencia op 7th"]
[Site "Sao Paulo"]
[Date "2015.11.22"]
[Round "5"]
[White "Kajiwara, Joao Kazuyuki"]
[Black "Ricieri, Vanilda De Andrade"]
[Result "1-0"]
[WhiteElo "1263"]
[BlackElo "1369"]
[PlyCount "67"]
[EventDate "2015.11.20"]
[EventType "swiss"]
[EventRounds "6"]
[EventCountry "BRA"]
[SourceTitle "CBM 170 Extra"]
[Source "ChessBase"]
[SourceDate "2016.02.25"]
[SourceVersion "1"]
[SourceVersionDate "2016.02.25"]
[SourceQuality "1"]

1. Nf3 Nf6 2. g3 b6 3. Bg2 Bb7 4. 0-0 e6 5. d3 Be7 6. Nbd2 0-0 7. e4 d6 8. Re1 Nbd7 9. Nf1 c5 10. h4 h6 11. N1h2 Rc8 12. b3 b5 13. c4 b4 14. Bb2 a5 15. a4 Ne8 16. d4 f5 17. exf5 exf5 18. d5 Nef6 19. Nd2 Rf7 20. Bf3 g6 21. g4 fxg4 22. Nxg4 Nxg4 23. Bxg4 Rf4 24. Be6+ Kh7 25. Re4 Rxh4 26. Rxh4 Bxh4 27. Qg4 Qe7 28. Bxd7 Rf8 29. Nf3 h5 30. Qh3 Bf6 31. Re1 Qg7 32. Ng5+ Kg8 33. Bxf6 Qxf6 34. Qe6+ 1-0

[Event "Batatais 1st"]
[Site "Batatais"]
[Date "2015.10.31"]
[Round "2.4"]
[White "Kajiwara, Joao Kazuyuki"]
[Black "De Sousa Silva, Lucas Jose"]
[Result "0-1"]
[WhiteElo "1263"]
[BlackElo "1690"]
[PlyCount "38"]
[EventDate "2015.10.31"]
[EventType "tourn"]
[EventRounds "9"]
[EventCountry "BRA"]
[SourceTitle "EXT 2022"]
[Source "ChessBase"]
[SourceDate "2021.10.06"]
[SourceVersion "1"]
[SourceVersionDate "2021.10.06"]
[SourceQuality "1"]

1. Nf3 d5 2. g3 Nf6 3. d3 e6 4. Bg2 Bd6 5. 0-0 0-0 6. Nbd2 b6 7. Re1 Bb7 8. e4 dxe4 9. dxe4 e5 10. Nh4 Nbd7 11. Nf5 Nc5 12. b4 Na4 13. a3 Nc3 14. Qf3 Nb5 15. Bb2 Bxb4 16. Qe2 Qxd2 17. Qxb5 Bc5 18. Re2 a6 19. Rae1 Qxe1+ 0-1

[Event "Sao Paulo Consciencia op 6th"]
[Site "Sao Paulo"]
[Date "2015.10.11"]
[Round "4"]
[White "Kajiwara, Joao Kazuyuki"]
[Black "Silvestre, Gilmar Severino"]
[Result "1-0"]
[WhiteElo "1262"]
[BlackElo "1670"]
[PlyCount "91"]
[EventDate "2015.10.10"]
[EventType "swiss"]
[EventRounds "6"]
[EventCountry "BRA"]
[SourceTitle "CBM 168 Extra"]
[Source "ChessBase"]
[SourceDate "2015.10.29"]
[SourceVersion "1"]
[SourceVersionDate "2015.10.29"]
[SourceQuality "1"]

1. Nf3 Nf6 2. g3 e6 3. Bg2 d5 4. d3 Be7 5. 0-0 0-0 6. Nbd2 c6 7. Re1 Nbd7 8. e4 dxe4 9. dxe4 e5 10. Nc4 Qc7 11. Nfd2 b5 12. Ne3 Rd8 13. b3 Bb4 14. a3 Bc3 15. Rb1 Nc5 16. Nef1 Ng4 17. Bf3 Nf6 18. Bb2 b4 19. axb4 Bxb2 20. Rxb2 Ne6 21. c3 Ng5 22. Bg2 Rd3 23. Qc2 Ba6 24. b5 Bxb5 25. c4 Bxc4 26. Nxc4 Rad8 27. Nfd2 Ne6 28. Nf3 Nc5 29. Ncxe5 Rxf3 30. Qxc5 Nxe4 31. Rxe4 Rd1+ 32. Bf1 Rf5 33. Qxc6 Qd8 34. Nc4 Rxf1+ 35. Kxf1 Qd3+ 36. Rbe2 Qd1+ 37. Re1 Qd3+ 38. R4e2 g6 39. Ne3 Rb5 40. Qc4 Qd7 41. Ng2 Rh5 42. Re8+ Kg7 43. Qc3+ Kh6 44. Qe3+ Kg7 45. Re7 Qb5+ 46. Kg1 1-0

[Event "Sao Paulo Consciencia 5th U2000"]
[Site "Sao Paulo"]
[Date "2015.09.05"]
[Round "1.2"]
[White "Kajiwara, Joao Kazuyuki"]
[Black "Pritsopoulos, Constantino Demetri"]
[Result "0-1"]
[WhiteElo "1260"]
[BlackElo "1945"]
[PlyCount "30"]
[EventDate "2015.09.05"]
[EventType "swiss"]
[EventRounds "6"]
[EventCountry "BRA"]
[SourceTitle "EXT 2022"]
[Source "ChessBase"]
[SourceDate "2021.10.06"]
[SourceVersion "1"]
[SourceVersionDate "2021.10.06"]
[SourceQuality "1"]

1. Nf3 d5 2. g3 c5 3. d3 Nc6 4. Bg2 e5 5. 0-0 Nf6 6. Nbd2 Bd6 7. e4 d4 8. Nc4 Bc7 9. a4 0-0 10. c3 Be6 11. Nfd2 dxc3 12. Nb3 cxb2 13. Bxb2 Qe7 14. Qc2 Rfd8 15. Rfe1 Nb4 0-1

[Event "Cordeiropolis Freitas Levy Memorial"]
[Site "Cordeiropolis"]
[Date "2015.05.24"]
[Round "5"]
[White "Carceliano, Victor Samuel B"]
[Black "Kajiwara, Joao Kazuyuki"]
[Result "1-0"]
[WhiteElo "1800"]
[BlackElo "1265"]
[PlyCount "37"]
[EventDate "2015.05.22"]
[EventType "swiss"]
[EventRounds "6"]
[EventCountry "BRA"]
[SourceTitle "CBM 166 Extra"]
[Source "ChessBase"]
[SourceDate "2015.06.18"]
[SourceVersion "1"]
[SourceVersionDate "2015.06.18"]
[SourceQuality "1"]

1. e4 d6 2. d4 Nf6 3. Nc3 e5 4. dxe5 dxe5 5. Bg5 Qxd1+ 6. Rxd1 Nbd7 7. Bc4 c6 8. a3 Be7 9. Nf3 0-0 10. 0-0 h6 11. Bh4 Re8 12. Rd2 g5 13. Bg3 Bd8 14. Nxe5 Nxe5 15. Bxe5 Rxe5 16. Rxd8+ Kg7 17. f4 Rc5 18. Bb3 g4 19. e5 1-0

[Event "Pocos de Caldas op"]
[Site "Pocos de Caldas"]
[Date "2015.03.15"]
[Round "6"]
[White "Kajiwara, Joao Kazuyuki"]
[Black "Morais, Renan de Souza Stoc"]
[Result "1/2-1/2"]
[WhiteElo "1274"]
[BlackElo "1489"]
[PlyCount "35"]
[EventDate "2015.03.13"]
[EventType "swiss"]
[EventRounds "6"]
[EventCountry "BRA"]
[SourceTitle "CBM 165 Extra"]
[Source "ChessBase"]
[SourceDate "2015.04.21"]
[SourceVersion "1"]
[SourceVersionDate "2015.04.21"]
[SourceQuality "1"]

1. Nf3 c6 2. g3 d5 3. Bg2 Bf5 4. 0-0 e6 5. d3 Bd6 6. Nbd2 h6 7. Re1 Nf6 8. Nf1 Bh7 9. b3 0-0 10. Bb2 Nbd7 11. c4 Bb4 12. N1d2 Bxd2 13. Nxd2 Rc8 14. Nf3 Rc7 15. Ne5 Qe7 16. Qc1 Rfc8 17. Nxd7 Nxd7 18. Ba3 1/2-1/2